Online Catalogue and eLibrary

Memoir of Mrs. Harriet L. Winslow (Record no. 5954)

MARC details
000 -LEADER
fixed length control field 00476nam a22001577a 4500
005 - DATE AND TIME OF LATEST TRANSACTION
control field 20250121024720.0
008 - FIXED-LENGTH DATA ELEMENTS--GENERAL INFORMATION
fixed length control field 250121b |||||||| |||| 00| 0 eng d
020 ## - INTERNATIONAL STANDARD BOOK NUMBER
ISBN 8120618165
082 ## - DDC Classification
DDC Edition Number 22
Class No. 920
Item Number - Author Mark MIR
100 ## - MAIN ENTRY--PERSONAL NAME
Personal name Winslow, M Rev
245 ## - TITLE STATEMENT
Title Memoir of Mrs. Harriet L. Winslow
Remainder of title Thirteen Years a Member of the American Mission in Ceylon
260 ## - PUBLICATION, DISTRIBUTION, ETC.
Place of publication, distribution, etc. New York
Name of publisher, distributor, etc. American Tract Society
Date of publication, distribution, etc. 2003
300 ## - PHYSICAL DESCRIPTION
Extent (e.g. Volumes, Pages etc.) 479 p .,
500 ## - GENERAL NOTE
General note About Mrs. Harriet L. Winslow
942 ## - Koha item type (Biblio)
Koha item type Books in Stacks (Lending)
Holdings
Lost status Damaged status Collection code Home library Current library Date acquired Full call number Accession Number Item type
    Lending WERC Library WERC Library 01/21/2025 920 MIR 7061 Books in Stacks (Lending)

© WERC Library